| 000 | 00898nam a22002057a 4500 | ||
|---|---|---|---|
| 005 | 2011101300000.0 | ||
| 008 | 111013t xxu||||| |||| 00| 0 eng d | ||
| 010 | _aENG-103966 | ||
| 020 | _c65.00 | ||
| 035 | _aEN-87499 | ||
| 037 | _bDBAD/PUB | ||
| 040 |
_aDPL _bEng |
||
| 082 | _a346.0820954 | ||
| 245 |
_aThe Reserve Bank of India act, 1934 (2 of 1934) as amended by the securities and insurance laws (amendment and validation) act, 2010 (26 of 2010) with short notes _heng |
||
| 260 |
_aDelhi _bUniversal Law Publishing _c2011 |
||
| 270 |
_aC-FF-1A, Dilkhush Industrial Estate, (Opp. Hans Cinema, Azadpur) G.T. Karnal Road, _bDelhi _e110033 |
||
| 300 |
_avi,96,6p. _c24cm (pbk) |
||
| 942 |
_2ddc _cEN _h346.0820954 _mRES |
||
| 999 |
_c57585 _d57585 |
||